[Event "Zagreb Open 2011 Grupo A"]
[Site "Zagreb CRO"]
[Date "2011.04.17"]
[Round "8.13"]
[White "Drazic, Sinisa"]
[Black "Armanda, Ivica"]
[Result "1/2-1/2"]
[WhiteElo "2467"]
[BlackElo "2389"]
[PlyCount "50"]
[EventDate "2011.04.11"]
[EventType "swiss"]
[EventRounds "9"]
[EventCountry "CRO"]
[Source "lmi"]
[SourceDate "2011.04.11"]

1. e4 c5 2. Nf3 d6 3. d4 cxd4 4. Nxd4 Nf6 5. Nc3 g6 6. Be3 Bg7 7. f3 O-O 8. Bc4
Nc6 9. Qd2 Bd7 10. Bb3 Rc8 11. O-O-O Ne5 12. Kb1 Re8 13. h4 Qa5 14. h5 Nxh5 15.
Bh6 Bxh6 16. Qxh6 Rxc3 17. bxc3 Nf6 18. Ne2 Be6 19. Nf4 Qxc3 20. Bxe6 fxe6 21.
Nxe6 Qb4+ 22. Kc1 Qa3+ 23. Kd2 Qb4+ 24. Kc1 Qa3+ 25. Kd2 Qb4+ 1/2-1/2

[Event "Zagreb Open 2011 Grupo A"]
[Site "Zagreb CRO"]
[Date "2011.04.17"]
[Round "8.16"]
[White "Fercec, Nenad"]
[Black "Zufic, Miroslav"]
[Result "1/2-1/2"]
[WhiteElo "2452"]
[BlackElo "2395"]
[PlyCount "23"]
[EventDate "2011.04.11"]
[EventType "swiss"]
[EventRounds "9"]
[EventCountry "CRO"]
[Source "lmi"]
[SourceDate "2011.04.11"]

1. e4 c6 2. d4 d5 3. Nd2 dxe4 4. Nxe4 Nd7 5. Ng5 Ngf6 6. Bd3 e6 7. N1f3 Bd6 8.
Qe2 h6 9. Ne4 Nxe4 10. Qxe4 Qc7 11. O-O b6 12. c3 1/2-1/2

[Event "Zagreb Open 2011 Grupo A"]
[Site "Zagreb CRO"]
[Date "2011.04.17"]
[Round "8.17"]
[White "Pacher, Milan"]
[Black "Efroimski, Marsel"]
[Result "1-0"]
[WhiteElo "2415"]
[BlackElo "2222"]
[PlyCount "61"]
[EventDate "2011.04.11"]
[EventType "swiss"]
[EventRounds "9"]
[EventCountry "CRO"]
[Source "lmi"]
[SourceDate "2011.04.11"]

1. Nf3 Nf6 2. g3 g6 3. Bg2 Bg7 4. O-O O-O 5. c4 d5 6. cxd5 Nxd5 7. d4 Nb6 8.
Nc3 Nc6 9. e3 Re8 10. Re1 a5 11. Qe2 Be6 12. b3 a4 13. Ng5 Bc8 14. bxa4 e5 15.
d5 e4 16. Ngxe4 Ne5 17. Rb1 Bg4 18. f3 Bf5 19. f4 Ned7 20. Rb4 Bxe4 21. Nxe4
Nxd5 22. Rxb7 N7b6 23. Qb5 Rxa4 24. Nd6 cxd6 25. Bxd5 Nxd5 26. Qxa4 Nc3 27. Qb3
d5 28. Bb2 Qa5 29. Rb8 Rf8 30. Rxf8+ Kxf8 31. Bxc3 1-0

[Event "Zagreb Open 2011 Grupo A"]
[Site "Zagreb CRO"]
[Date "2011.04.17"]
[Round "8.18"]
[White "Bukal, Vladimir Jr"]
[Black "Ivekovic, Zvonimir"]
[Result "1-0"]
[WhiteElo "2402"]
[BlackElo "2308"]
[PlyCount "77"]
[EventDate "2011.04.11"]
[EventType "swiss"]
[EventRounds "9"]
[EventCountry "CRO"]
[Source "lmi"]
[SourceDate "2011.04.11"]

1. d4 Nf6 2. Nc3 c5 3. d5 g6 4. e4 d6 5. Bb5+ Nbd7 6. a4 Bg7 7. Nf3 O-O 8. O-O
a6 9. Be2 Rb8 10. a5 b5 11. axb6 Nxb6 12. h3 e6 13. dxe6 fxe6 14. e5 Nfd5 15.
Ne4 dxe5 16. Bxa6 Qc7 17. Bxc8 Rfxc8 18. Nfg5 Qc6 19. Qg4 Re8 20. Ra7 Ra8 21.
Rxa8 Nxa8 22. c4 Nab6 23. cxd5 exd5 24. Nc3 e4 25. Qh4 h6 26. Ngxe4 dxe4 27.
Bxh6 Bxh6 28. Qxh6 Nc4 29. b3 Ne5 30. Re1 Nd3 31. Re3 Re5 32. Nxe4 Rxe4 33.
Rxd3 Rd4 34. Rg3 Rd6 35. h4 Qe4 36. h5 Rd1+ 37. Kh2 Qh4+ 38. Rh3 Qxf2 39. Qxg6+
1-0

[Event "Zagreb Open 2011 Grupo A"]
[Site "Zagreb CRO"]
[Date "2011.04.17"]
[Round "8.19"]
[White "Franciskovic, Borka"]
[Black "Mrda, Milan"]
[Result "0-1"]
[WhiteElo "2302"]
[BlackElo "2404"]
[PlyCount "132"]
[EventDate "2011.04.11"]
[EventType "swiss"]
[EventRounds "9"]
[EventCountry "CRO"]
[Source "lmi"]
[SourceDate "2011.04.11"]

1. c4 g6 2. Nc3 Bg7 3. g3 e6 4. Bg2 Ne7 5. e4 c5 6. Nge2 Nbc6 7. O-O O-O 8. d3
d6 9. a3 b6 10. Rb1 Bb7 11. b4 Qd7 12. Bg5 h6 13. Be3 Nd4 14. Qd2 Kh7 15. Qa2
Rad8 16. a4 Nec6 17. Bxd4 cxd4 18. Nb5 a6 19. Na3 Ne7 20. a5 b5 21. Rbc1 Rc8
22. Qb2 h5 23. cxb5 axb5 24. Rxc8 Rxc8 25. Rc1 Rxc1+ 26. Qxc1 e5 27. Qc2 Bf8
28. Nc1 Bc6 29. Nb3 Bh6 30. Qa2 Nc8 31. Nc2 Na7 32. a6 Bg5 33. Na5 Ba8 34. Bh3
Qc7 35. Na3 Kg7 36. Qc2 Qb8 37. Bd7 Bd8 38. Nc6 Qc7 39. Nxa7 Qxd7 40. N3xb5 d5
41. Qc8 Qxc8 42. Nxc8 dxe4 43. dxe4 Bxe4 44. Nbd6 Bf3 45. b5 d3 46. Nc4 Bd5 47.
Nd2 Kf6 48. b6 Ke6 49. b7 Bc7 50. Nb6 Bc6 51. Kf1 Kd6 52. a7 Bxb7 53. a8=Q Bxa8
54. Nxa8 Bd8 55. Nc4+ Kd5 56. Nab6+ Kd4 57. Ke1 e4 58. Kd2 f5 59. h4 Kc5 60.
Ne5 Bxb6 61. Nxg6 Kc4 62. Ne7 f4 63. gxf4 Bxf2 64. Nf5 Bc5 65. Ng3 e3+ 66. Kd1
Bd6 0-1

[Event "Zagreb Open 2011 Grupo A"]
[Site "Zagreb CRO"]
[Date "2011.04.17"]
[Round "8.20"]
[White "Kantorik, Marian"]
[Black "Rogulj, Branko"]
[Result "0-1"]
[WhiteElo "2320"]
[BlackElo "2391"]
[PlyCount "70"]
[EventDate "2011.04.11"]
[EventType "swiss"]
[EventRounds "9"]
[EventCountry "CRO"]
[Source "lmi"]
[SourceDate "2011.04.11"]

1. d4 Nf6 2. c4 g6 3. Nc3 d5 4. Nf3 Bg7 5. Qb3 dxc4 6. Qxc4 O-O 7. e4 a6 8. e5
b5 9. Qb3 Ng4 10. Bf4 c5 11. dxc5 Be6 12. Qd1 Nc6 13. Be2 Qa5 14. O-O Rfd8 15.
Qc1 Ngxe5 16. Nxe5 Nxe5 17. a4 b4 18. Ne4 Bd5 19. Nd2 Rac8 20. Be3 Nd7 21. Bc4
Nxc5 22. Bxd5 Rxd5 23. Nb3 Nxb3 24. Qxc8+ Rd8 25. Qc2 Nxa1 26. Rxa1 Qd5 27. Rc1
Bxb2 28. Rb1 Bc3 29. g3 h5 30. h4 a5 31. Kh2 Qd3 32. Qb3 Rd5 33. Rc1 e6 34. Kg1
Be5 35. Rc8+ Kg7 0-1

[Event "Zagreb Open 2011 Grupo A"]
[Site "Zagreb CRO"]
[Date "2011.04.17"]
[Round "8.21"]
[White "Banas, Jan"]
[Black "Zelic, Mladen"]
[Result "1/2-1/2"]
[WhiteElo "2306"]
[BlackElo "2274"]
[PlyCount "117"]
[EventDate "2011.04.11"]
[EventType "swiss"]
[EventRounds "9"]
[EventCountry "CRO"]
[Source "lmi"]
[SourceDate "2011.04.11"]

1. e4 c5 2. Nf3 e6 3. d3 Nc6 4. g3 g6 5. Bg2 Bg7 6. O-O d5 7. Nbd2 Nge7 8. Re1
O-O 9. e5 h6 10. h4 Kh7 11. Nf1 d4 12. N1d2 Nd5 13. a4 b6 14. Nc4 Ba6 15. Nfd2
Qc7 16. f4 Rae8 17. Ne4 Re7 18. Ned6 f6 19. Nb5 Qd8 20. exf6 Bxf6 21. h5 g5 22.
fxg5 hxg5 23. Qg4 Ncb4 24. Rxe6 Nxc2 25. Rb1 Nde3 26. Qe4+ Kh8 27. Rxe7 Qxe7
28. Qxe7 Bxe7 29. Ne5 Kg7 30. Ng6 Rf7 31. Nxe7 Rxe7 32. Be4 Kh6 33. Bg6 Ng4 34.
Bd2 Ne5 35. Be4 Kxh5 36. Rc1 Ne3 37. Bxe3 dxe3 38. Re1 g4 39. Rxe3 Kg5 40. Kf2
Rd7 41. Ke2 Bxb5 42. axb5 Rd4 43. b3 Kf6 44. Kd2 Rb4 45. Bd5 Rxb5 46. Kc3 Ra5
47. Kb2 b5 48. Be4 Ra6 49. Re1 Rd6 50. Kc2 Kg5 51. Ra1 a6 52. Kc3 Rh6 53. Rf1
Rf6 54. Rxf6 Kxf6 55. b4 cxb4+ 56. Kxb4 Nf3 57. Bb7 Nd4 58. Bxa6 Ne2 59. Bc8
1/2-1/2

[Event "Zagreb Open 2011 Grupo A"]
[Site "Zagreb CRO"]
[Date "2011.04.17"]
[Round "8.22"]
[White "Brumen, Dinko"]
[Black "Kristovic, Marijan"]
[Result "1-0"]
[WhiteElo "2351"]
[BlackElo "2320"]
[PlyCount "111"]
[EventDate "2011.04.11"]
[EventType "swiss"]
[EventRounds "9"]
[EventCountry "CRO"]
[Source "lmi"]
[SourceDate "2011.04.11"]

1. d4 d5 2. Bg5 Nf6 3. e3 e6 4. Nf3 Be7 5. c4 c6 6. Nc3 Nbd7 7. cxd5 Nxd5 8.
Bxe7 Qxe7 9. e4 Nxc3 10. bxc3 e5 11. Bd3 O-O 12. O-O c5 13. d5 Nf6 14. Nd2 Ne8
15. a4 Nd6 16. Nc4 Nxc4 17. Bxc4 Rd8 18. Qe2 g5 19. Qe3 b6 20. a5 Rb8 21. axb6
axb6 22. Ra7 Rd7 23. Ra2 h6 24. Rfa1 b5 25. Be2 Rdb7 26. Ra6 Rb6 27. Rxb6 Rxb6
28. Ra8 Qc7 29. Qh3 Rb8 30. Rxb8 Qxb8 31. Qxh6 b4 32. Qxg5+ Kh7 33. cxb4 cxb4
34. Qh4+ Kg7 35. Qg3+ Kh7 36. Qb3 Qa7 37. h3 Qd4 38. h4 f5 39. Qc2 Qc3 40. Qxc3
bxc3 41. Bd3 f4 42. f3 Kg6 43. g4 Ba6 44. Bc2 Bb5 45. Kf2 Kf6 46. Ke1 Bd7 47.
Bb3 Ke7 48. g5 Be8 49. Ke2 Bb5+ 50. Kd1 Be8 51. Bc4 Ba4+ 52. Kc1 Kf7 53. h5 Kg7
54. d6 Be8 55. h6+ Kg6 56. Be6 1-0

[Event "Zagreb Open 2011 Grupo A"]
[Site "Zagreb CRO"]
[Date "2011.04.18"]
[Round "9.1"]
[White "Stevic, Hrvoje"]
[Black "Gajewski, Grzegorz"]
[Result "1/2-1/2"]
[WhiteElo "2611"]
[BlackElo "2567"]
[PlyCount "47"]
[EventDate "2011.04.11"]
[EventType "swiss"]
[EventRounds "9"]
[EventCountry "CRO"]
[Source "lmi"]
[SourceDate "2011.04.11"]

1. e4 c5 2. f4 e6 3. d3 Nc6 4. Nf3 d5 5. Be2 Bd6 6. c3 Nge7 7. a3 O-O 8. b4
cxb4 9. e5 Bc7 10. axb4 b5 11. d4 Rb8 12. Na3 a5 13. Nc2 axb4 14. cxb4 Bd7 15.
Bd3 f6 16. O-O Be8 17. Nh4 Ng6 18. Nxg6 Bxg6 19. Bxg6 hxg6 20. Ra3 Bb6 21. Be3
fxe5 22. fxe5 Qh4 23. Bf2 Qh5 24. Qxh5 1/2-1/2

[Event "Zagreb Open 2011 Grupo A"]
[Site "Zagreb CRO"]
[Date "2011.04.18"]
[Round "9.2"]
[White "Zelcic, Robert"]
[Black "Gleizerov, Evgeny"]
[Result "1/2-1/2"]
[WhiteElo "2550"]
[BlackElo "2579"]
[PlyCount "74"]
[EventDate "2011.04.11"]
[EventType "swiss"]
[EventRounds "9"]
[EventCountry "CRO"]
[Source "lmi"]
[SourceDate "2011.04.11"]

1. e4 e6 2. d4 d5 3. Nc3 Nf6 4. Bg5 Be7 5. e5 Nfd7 6. h4 O-O 7. Qg4 f6 8. Bd3
Rf7 9. Nf3 Nc6 10. Be3 Nb4 11. O-O-O Nxd3+ 12. Rxd3 fxe5 13. Nxe5 Nxe5 14. dxe5
c5 15. Ne4 Qc7 16. Ng5 Bxg5 17. hxg5 g6 18. f4 Bd7 19. Kb1 b6 20. Bc1 Re8 21.
Rdh3 d4 22. Qe2 Bc6 23. Qd3 Rg7 24. R1h2 Qb7 25. g4 Be4 26. Qc4 Qc6 27. a4 a6
28. Qxa6 c4 29. Ra3 Ra8 30. Qb5 Qxb5 31. axb5 Rxa3 32. bxa3 c3 33. Re2 Bf3 34.
Rf2 Bxg4 35. Ka2 Rc7 36. Kb3 Bf5 37. Re2 d3 1/2-1/2

[Event "Zagreb Open 2011 Grupo A"]
[Site "Zagreb CRO"]
[Date "2011.04.18"]
[Round "9.3"]
[White "Greenfeld, Alon"]
[Black "Banusz, Tamas"]
[Result "1/2-1/2"]
[WhiteElo "2571"]
[BlackElo "2563"]
[PlyCount "43"]
[EventDate "2011.04.11"]
[EventType "swiss"]
[EventRounds "9"]
[EventCountry "CRO"]
[Source "lmi"]
[SourceDate "2011.04.11"]

1. d4 Nf6 2. Nf3 d5 3. c4 e6 4. Nc3 dxc4 5. e4 Bb4 6. Bg5 h6 7. Bxf6 Qxf6 8.
Bxc4 c5 9. O-O cxd4 10. e5 Qe7 11. Ne4 O-O 12. Qxd4 Rd8 13. Qe3 Qc7 14. Nf6+
gxf6 15. exf6 Bf8 16. Ne5 Nc6 17. Qg3+ Kh7 18. Bd3+ Rxd3 19. Qxd3+ Kg8 20. Qg3+
Kh7 21. Qd3+ Kg8 22. Qg3+ 1/2-1/2

[Event "Zagreb Open 2011 Grupo A"]
[Site "Zagreb CRO"]
[Date "2011.04.18"]
[Round "9.4"]
[White "Bosiocic, Marin"]
[Black "Jankovic, Alojzije"]
[Result "0-1"]
[WhiteElo "2561"]
[BlackElo "2563"]
[PlyCount "68"]
[EventDate "2011.04.11"]
[EventType "swiss"]
[EventRounds "9"]
[EventCountry "CRO"]
[Source "lmi"]
[SourceDate "2011.04.11"]

1. c4 Nf6 2. g3 g6 3. Nc3 Bg7 4. Bg2 O-O 5. e4 d6 6. Nge2 c6 7. O-O a6 8. h3 b5
9. d3 Nbd7 10. Be3 Rb8 11. b3 e5 12. Qd2 Nc5 13. Rae1 b4 14. Nd1 a5 15. f4 Qe7
16. Nf2 a4 17. d4 exf4 18. Bxf4 Ncxe4 19. Nxe4 Nxe4 20. Bxe4 Qxe4 21. Bxd6 Bxh3
22. Rf2 Rbe8 23. Bxb4 axb3 24. axb3 Bg4 25. Bxf8 Bxf8 26. c5 Bg7 27. Rf4 Qe6
28. Kf2 g5 29. Rxg4 Qxg4 30. Qd3 h5 31. Rh1 Rxe2+ 32. Qxe2 Bxd4+ 33. Kf1 Qxg3
34. b4 h4 0-1

[Event "Zagreb Open 2011 Grupo A"]
[Site "Zagreb CRO"]
[Date "2011.04.18"]
[Round "9.5"]
[White "Papp, Gabor"]
[Black "Petkov, Vladimir"]
[Result "1/2-1/2"]
[WhiteElo "2539"]
[BlackElo "2493"]
[PlyCount "31"]
[EventDate "2011.04.11"]
[EventType "swiss"]
[EventRounds "9"]
[EventCountry "CRO"]
[Source "lmi"]
[SourceDate "2011.04.11"]

1. e4 e5 2. Nf3 Nc6 3. Bb5 Nf6 4. Nc3 Bb4 5. O-O O-O 6. d3 Bxc3 7. bxc3 d6 8.
Bg5 Ne7 9. Nh4 Ng6 10. Nxg6 fxg6 11. Bc4+ Kh8 12. f3 h6 13. Be3 g5 14. d4 Qe7
15. Qd2 Be6 16. Bxe6 1/2-1/2

[Event "Zagreb Open 2011 Grupo A"]
[Site "Zagreb CRO"]
[Date "2011.04.18"]
[Round "9.6"]
[White "Postny, Evgeny"]
[Black "Burmakin, Vladimir"]
[Result "1/2-1/2"]
[WhiteElo "2585"]
[BlackElo "2594"]
[PlyCount "59"]
[EventDate "2011.04.11"]
[EventType "swiss"]
[EventRounds "9"]
[EventCountry "CRO"]
[Source "lmi"]
[SourceDate "2011.04.11"]

1. d4 d5 2. c4 c6 3. Nc3 Nf6 4. e3 g6 5. Nf3 Bg7 6. Be2 O-O 7. O-O Bg4 8. Qb3
Qb6 9. cxd5 Qxb3 10. axb3 Nxd5 11. h3 Bf5 12. Bd2 Nc7 13. b4 Nba6 14. g4 Bd7
15. Na4 Nb5 16. Nc5 Nxc5 17. bxc5 a6 18. Bc4 h6 19. Rfd1 Kh7 20. Ne5 Be8 21. f4
f6 22. Nd3 Bf7 23. Bxf7 Rxf7 24. f5 e5 25. fxe6 Re7 26. Nf4 Nc7 27. Ra3 Nxe6
28. Nxe6 Rxe6 29. Rb3 Re7 30. Rf1 1/2-1/2

[Event "Zagreb Open 2011 Grupo A"]
[Site "Zagreb CRO"]
[Date "2011.04.18"]
[Round "9.7"]
[White "Brkic, Ante"]
[Black "Zelic, Zdravko"]
[Result "1-0"]
[WhiteElo "2592"]
[BlackElo "2391"]
[PlyCount "79"]
[EventDate "2011.04.11"]
[EventType "swiss"]
[EventRounds "9"]
[EventCountry "CRO"]
[Source "lmi"]
[SourceDate "2011.04.11"]

1. e4 c5 2. Nf3 e6 3. d4 cxd4 4. Nxd4 Nc6 5. Nc3 Qc7 6. Be3 a6 7. Be2 Nf6 8.
O-O Bb4 9. Nxc6 bxc6 10. Qd4 c5 11. Qc4 Bb7 12. a3 d5 13. exd5 exd5 14. Bf4 Qe7
15. Qb3 Bxc3 16. bxc3 O-O 17. Bf3 Ne4 18. c4 d4 19. Qb6 f5 20. Bc7 Rac8 21.
Qxb7 Rxc7 22. Qxa6 Kh8 23. Rfe1 Qf7 24. a4 Ra7 25. Qb6 Rb7 26. Qc6 Rc7 27. Qd5
Nd2 28. Qxf7 Nxf3+ 29. gxf3 Rcxf7 30. a5 g6 31. Re6 Rc8 32. a6 Ra7 33. Rb1 Rca8
34. Rbb6 Kg7 35. Kg2 Kh6 36. Kg3 Rd7 37. Rbd6 Rad8 38. a7 f4+ 39. Kg4 Rxd6 40.
Rxd6 1-0

[Event "Zagreb Open 2011 Grupo A"]
[Site "Zagreb CRO"]
[Date "2011.04.18"]
[Round "9.8"]
[White "Ulibin, Mikhail"]
[Black "Palac, Mladen"]
[Result "1/2-1/2"]
[WhiteElo "2521"]
[BlackElo "2586"]
[PlyCount "36"]
[EventDate "2011.04.11"]
[EventType "swiss"]
[EventRounds "9"]
[EventCountry "CRO"]
[Source "lmi"]
[SourceDate "2011.04.11"]

1. d4 Nf6 2. c4 e6 3. g3 Bb4+ 4. Bd2 Be7 5. Bg2 d5 6. Nf3 O-O 7. O-O c6 8. Qb3
Nbd7 9. Bf4 a5 10. Rd1 Nh5 11. Bc1 Nhf6 12. Bf4 Nh5 13. Bc1 Nhf6 14. Nc3 a4 15.
Qc2 dxc4 16. e4 h6 17. d5 cxd5 18. exd5 Nxd5 1/2-1/2

[Event "Zagreb Open 2011 Grupo A"]
[Site "Zagreb CRO"]
[Date "2011.04.18"]
[Round "9.9"]
[White "Jovanic, Ognjen"]
[Black "Kozul, Zdenko"]
[Result "0-1"]
[WhiteElo "2480"]
[BlackElo "2568"]
[PlyCount "134"]
[EventDate "2011.04.11"]
[EventType "swiss"]
[EventRounds "9"]
[EventCountry "CRO"]
[Source "lmi"]
[SourceDate "2011.04.11"]

1. d4 Nf6 2. Nf3 g6 3. Bf4 d6 4. h3 Bg7 5. e3 O-O 6. Be2 c5 7. c3 Nc6 8. O-O
cxd4 9. exd4 Be6 10. Nbd2 Qb6 11. Qb1 Rac8 12. a4 a6 13. Re1 Bd5 14. Bf1 Rfe8
15. Nc4 Bxc4 16. Bxc4 Na5 17. Bd3 Nd5 18. Bg5 e6 19. Qa2 Qb3 20. Qxb3 Nxb3 21.
Ra3 Na5 22. Nd2 f6 23. Be3 f5 24. b4 Nc6 25. Nc4 Bf8 26. b5 Nb8 27. Bd2 axb5
28. axb5 Nd7 29. Na5 Rc7 30. c4 N5f6 31. Ra2 e5 32. Nb3 b6 33. Bf1 Ne4 34. Be3
h5 35. Ra6 Rb8 36. f3 Ng3 37. dxe5 dxe5 38. Bd3 Nc5 39. Bxc5 Bxc5+ 40. Kh2 h4
41. Rxe5 Bf2 42. c5 Nh5 43. Re2 Bg3+ 44. Kg1 Nf4 45. Bc4+ Kg7 46. Rea2 bxc5 47.
Ra7 Rxa7 48. Rxa7+ Kh6 49. Ra1 Re8 50. Rb1 Re3 51. b6 Rc3 52. b7 Rxc4 53. b8=Q
Nxh3+ 54. gxh3 Bxb8 55. Rc1 Rxc1+ 56. Nxc1 Kg5 57. Ne2 Bf4 58. Nc3 Be3+ 59. Kg2
Bd4 60. Nd5 c4 61. Kf1 Kh5 62. Ke2 g5 63. Ne7 g4 64. fxg4+ fxg4 65. Nd5 g3 66.
Nf4+ Kh6 67. Kf3 c3 0-1

[Event "Zagreb Open 2011 Grupo A"]
[Site "Zagreb CRO"]
[Date "2011.04.18"]
[Round "9.10"]
[White "Smith, Bryan G"]
[Black "Martinovic, Sasa"]
[Result "0-1"]
[WhiteElo "2466"]
[BlackElo "2504"]
[PlyCount "70"]
[EventDate "2011.04.11"]
[EventType "swiss"]
[EventRounds "9"]
[EventCountry "CRO"]
[Source "lmi"]
[SourceDate "2011.04.11"]

1. e4 e6 2. d4 d5 3. Nc3 Nf6 4. Bg5 Be7 5. e5 Nfd7 6. Bxe7 Qxe7 7. Qd2 Nb6 8.
f4 Bd7 9. Nd1 a6 10. Nf3 Bb5 11. Ne3 O-O 12. O-O-O N8d7 13. h4 f6 14. Kb1 fxe5
15. fxe5 c5 16. c3 h6 17. Bd3 Bxd3+ 18. Qxd3 Rf4 19. Rh3 Raf8 20. Rg3 Re4 21.
Ng4 Rff4 22. Nf2 Qf7 23. b3 Qf5 24. Ka1 c4 25. Qd2 a5 26. Nxe4 dxe4 27. d5 Nxd5
28. bxc4 e3 29. Nd4 Qxe5 30. Qc2 Rf2 31. Ne2 Qxg3 32. cxd5 exd5 33. Rxd5 Qg4
34. Qb3 a4 35. Qxb7 Qxe2 0-1

[Event "Zagreb Open 2011 Grupo A"]
[Site "Zagreb CRO"]
[Date "2011.04.18"]
[Round "9.11"]
[White "Pacher, Milan"]
[Black "Petrov, Marijan"]
[Result "0-1"]
[WhiteElo "2415"]
[BlackElo "2534"]
[PlyCount "108"]
[EventDate "2011.04.11"]
[EventType "swiss"]
[EventRounds "9"]
[EventCountry "CRO"]
[Source "lmi"]
[SourceDate "2011.04.11"]

1. e4 c5 2. Nf3 Nc6 3. d4 cxd4 4. Nxd4 Qb6 5. Nb3 Nf6 6. Nc3 e6 7. Bd3 a6 8.
O-O d6 9. Bg5 Be7 10. Qe2 O-O 11. Rae1 Nb4 12. Kh1 Qd8 13. f4 Nxd3 14. Qxd3 b5
15. a3 Bb7 16. f5 h6 17. Bh4 Ng4 18. Bxe7 Qxe7 19. Qg3 Nf6 20. e5 dxe5 21. Qxe5
Rac8 22. h3 Rfe8 23. Re3 Nd7 24. Qg3 e5 25. Nd2 Nf6 26. Rfe1 Qd7 27. Qf2 Rcd8
28. Nde4 Nxe4 29. Nxe4 Bxe4 30. Rxe4 f6 31. c4 Qc6 32. cxb5 axb5 33. Kh2 Rd3
34. R1e3 Red8 35. Qe2 Rd2 36. Qh5 R8d4 37. Qg6 Rxe4 38. Rxe4 Kf8 39. Rg4 Qc7
40. Qh7 e4+ 41. Rg3 Qf7 42. Rc3 Rd7 43. Qh8+ Ke7 44. Rg3 Rd8 45. Qxg7 Qxg7 46.
Rxg7+ Kd6 47. Rb7 Ke5 48. Rxb5+ Kf4 49. Rb4 Ke3 50. g4 Kf3 51. Rb6 e3 52. Rxf6
Rd2+ 53. Kg1 Rd1+ 54. Kh2 e2 0-1

[Event "Zagreb Open 2011 Grupo A"]
[Site "Zagreb CRO"]
[Date "2011.04.18"]
[Round "9.13"]
[White "Kovacevic, Blazimir"]
[Black "Dutina, Dario"]
[Result "1-0"]
[WhiteElo "2466"]
[BlackElo "2282"]
[PlyCount "63"]
[EventDate "2011.04.11"]
[EventType "swiss"]
[EventRounds "9"]
[EventCountry "CRO"]
[Source "lmi"]
[SourceDate "2011.04.11"]

1. c4 d6 2. g3 e5 3. Nc3 f5 4. d4 exd4 5. Qxd4 Nc6 6. Qe3+ Qe7 7. Nd5 Qxe3 8.
Bxe3 Kd8 9. Nh3 h6 10. Nhf4 Nce7 11. h4 c6 12. Nxe7 Nxe7 13. O-O-O Kc7 14. h5
b6 15. Bg2 Rg8 16. Bd4 a5 17. b3 Bd7 18. Bb2 Re8 19. Ba3 Nc8 20. Rd2 Re7 21.
Rhd1 Rf7 22. Ng6 Rf6 23. Bb2 Rf7 24. e3 Be7 25. Ba3 Bf6 26. Kc2 Rd8 27. Bh3 Be7
28. f4 Bf6 29. Bxd6+ Nxd6 30. Rxd6 Re8 31. e4 Bd8 32. Ne5 1-0

[Event "Zagreb Open 2011 Grupo A"]
[Site "Zagreb CRO"]
[Date "2011.04.18"]
[Round "9.14"]
[White "Doric, Darko"]
[Black "Drazic, Sinisa"]
[Result "1/2-1/2"]
[WhiteElo "2464"]
[BlackElo "2467"]
[PlyCount "23"]
[EventDate "2011.04.11"]
[EventType "swiss"]
[EventRounds "9"]
[EventCountry "CRO"]
[Source "lmi"]
[SourceDate "2011.04.11"]

1. Nf3 Nc6 2. e4 e5 3. Bc4 Be7 4. O-O d6 5. d4 Nf6 6. dxe5 Nxe5 7. Nxe5 dxe5 8.
Qxd8+ Bxd8 9. Nc3 c6 10. a4 Be7 11. Be3 Nd7 12. Rfd1 1/2-1/2

[Event "Zagreb Open 2011 Grupo A"]
[Site "Zagreb CRO"]
[Date "2011.04.18"]
[Round "9.16"]
[White "Mrda, Milan"]
[Black "Brumen, Dinko"]
[Result "0-1"]
[WhiteElo "2404"]
[BlackElo "2351"]
[PlyCount "86"]
[EventDate "2011.04.11"]
[EventType "swiss"]
[EventRounds "9"]
[EventCountry "CRO"]
[Source "lmi"]
[SourceDate "2011.04.11"]

1. e4 e6 2. d4 d5 3. Nc3 Bb4 4. e5 c5 5. a3 Bxc3+ 6. bxc3 Ne7 7. Qg4 Qc7 8.
Qxg7 Rg8 9. Qxh7 cxd4 10. Ne2 Nbc6 11. f4 Bd7 12. Qd3 dxc3 13. Rb1 Nf5 14. g4
Rxg4 15. Bh3 Rh4 16. Bxf5 exf5 17. Nxc3 Ne7 18. Ne2 a6 19. Nd4 Nc6 20. Nf3 Rh3
21. Rg1 O-O-O 22. Rg3 Rdh8 23. Kf2 d4 24. Rxh3 Rxh3 25. Kg2 Rh8 26. Bd2 Be6 27.
Bb4 f6 28. Re1 fxe5 29. fxe5 Qh7 30. c4 b5 31. cxb5 Bd5 32. Kf2 axb5 33. Qxb5
Bxf3 34. Qa6+ Kd7 35. Qb7+ Ke6 36. Qxh7 Rxh7 37. Kxf3 Nxe5+ 38. Kg2 Kd5 39. Rh1
Rg7+ 40. Kf2 f4 41. h4 f3 42. Rg1 Nd3+ 43. Kf1 Rc7 0-1

[Event "Zagreb Open 2011 Grupo A"]
[Site "Zagreb CRO"]
[Date "2011.04.18"]
[Round "9.17"]
[White "Zufic, Miroslav"]
[Black "Sale, Srdan"]
[Result "1-0"]
[WhiteElo "2395"]
[BlackElo "2380"]
[PlyCount "122"]
[EventDate "2011.04.11"]
[EventType "swiss"]
[EventRounds "9"]
[EventCountry "CRO"]
[Source "lmi"]
[SourceDate "2011.04.11"]

1. e4 Nf6 2. e5 Nd5 3. d4 d6 4. Nf3 Bg4 5. Be2 e6 6. O-O Be7 7. h3 Bh5 8. c4
Nb6 9. Nc3 O-O 10. Be3 a6 11. Qb3 dxe5 12. Nxe5 Bxe2 13. Nxe2 N8d7 14. Rfd1 Qc8
15. Nd3 Rd8 16. Rac1 c5 17. dxc5 Nxc5 18. Qc2 Nbd7 19. Nxc5 Bxc5 20. Bxc5 Qxc5
21. Qe4 Qb6 22. b3 Nc5 23. Qe3 Qa5 24. Nc3 h6 25. Rb1 Qb4 26. Rd4 Rxd4 27. Qxd4
Rc8 28. Rd1 Qa5 29. Ne4 Nxe4 30. Qxe4 Qc7 31. Rd4 b5 32. Qd3 Qa5 33. g3 bxc4
34. Rxc4 Rd8 35. Ra4 Rxd3 36. Rxa5 Rd6 37. h4 f5 38. Kg2 Kf7 39. Kf3 g5 40.
hxg5 hxg5 41. b4 g4+ 42. Ke3 Kf6 43. a4 e5 44. b5 axb5 45. axb5 Rd5 46. Ra6+
Kg5 47. Rb6 Rd1 48. Rb8 Kf6 49. b6 Rb1 50. b7 Rb3+ 51. Kd2 Kg7 52. Kc2 Rb6 53.
Kd3 f4 54. Ke4 fxg3 55. fxg3 Rb5 56. Kf5 Kh7 57. Kxg4 e4 58. Kf4 Rb4 59. Ke3
Kg7 60. Kd2 Rd4+ 61. Kc3 Rd7 1-0

[Event "Zagreb Open 2011 Grupo A"]
[Site "Zagreb CRO"]
[Date "2011.04.18"]
[Round "9.18"]
[White "Armanda, Ivica"]
[Black "Banas, Jan"]
[Result "1-0"]
[WhiteElo "2389"]
[BlackElo "2306"]
[PlyCount "120"]
[EventDate "2011.04.11"]
[EventType "swiss"]
[EventRounds "9"]
[EventCountry "CRO"]
[Source "lmi"]
[SourceDate "2011.04.11"]

1. e4 c5 2. Nf3 d6 3. d4 cxd4 4. Qxd4 Nc6 5. Bb5 Bd7 6. Bxc6 Bxc6 7. Nc3 Nf6 8.
Bg5 e6 9. Qd3 Be7 10. Nd4 h6 11. Bh4 a6 12. O-O-O Qc7 13. f4 O-O-O 14. f5 Bd7
15. Rhf1 Kb8 16. Nde2 Rhe8 17. Nf4 Bc8 18. h3 Qc6 19. Bg3 Nd7 20. fxe6 Nc5 21.
Qe2 fxe6 22. Ng6 Bg5+ 23. Kb1 Ka8 24. e5 d5 25. Bf2 Na4 26. Nxa4 Qxa4 27. h4
Be7 28. Nxe7 Rxe7 29. Qe3 d4 30. Rxd4 Rxd4 31. Qxd4 Qxd4 32. Bxd4 b5 33. Bc5
Rc7 34. b4 Kb7 35. Rf8 Bd7 36. g4 Bc6 37. Bd6 Rd7 38. Rb8+ Ka7 39. Rg8 Bf3 40.
g5 hxg5 41. hxg5 Be4 42. Re8 Bf5 43. Kb2 g6 44. c4 bxc4 45. Kc3 Rh7 46. Kxc4
Rh2 47. a4 Rc2+ 48. Kb3 Rg2 49. Bc5+ Kb7 50. b5 axb5 51. axb5 Rxg5 52. Re7+ Kc8
53. b6 Be4 54. Rc7+ Kb8 55. Bd6 Bd5+ 56. Kb4 Rg2 57. Kc3 g5 58. Kd4 g4 59. Ke3
Ra2 60. Ra7+ Kc8 1-0